000 00318nam a2200121 a 4500
008 100920s1988|||| d
245 1 0 _aNeobyčajné dobrodružstvá Julia Jurenita a jeho žiakov
100 1 _aErenburg, Iľja
260 _bTatran
_aBratislava
_c1988
020 _c20
044 _axo
_cSK
041 _aslo
999 _c10518
_d10518